Steam and other engines (Record no. 4138)

000 -LEADER
fixed length control field 00382nam a22001577a 4500
008 - FIXED-LENGTH DATA ELEMENTS--GENERAL INFORMATION
fixed length control field 200720b ||||| |||| 00| 0 eng d
082 00 - DEWEY DECIMAL CLASSIFICATION NUMBER
Classification number 621.1
Item number D9111
100 ## - MAIN ENTRY--PERSONAL NAME
9 (RLIN) 118
Personal name Duncan, J.
245 10 - TITLE STATEMENT
Title Steam and other engines
250 ## - EDITION STATEMENT
Edition statement 1st ed.
260 ## - PUBLICATION, DISTRIBUTION, ETC. (IMPRINT)
Place of publication, distribution, etc London
Name of publisher, distributor, etc Macmillan
Date of publication, distribution, etc 1950
300 ## - PHYSICAL DESCRIPTION
Extent xi, 536 p.
365 ## - TRADE PRICE
Unit of pricing 6.09
650 #0 - SUBJECT ADDED ENTRY--TOPICAL TERM
Topical term or geographic name as entry element Steam Engines
942 ## - ADDED ENTRY ELEMENTS (KOHA)
Item type Books
Holdings
Withdrawn status Lost status Source of classification or shelving scheme Damaged status Not for loan Permanent location Current location Date acquired Source of acquisition Full call number Barcode Date last seen Koha item type
  Lost       IMU Kolkata IMU Kolkata 1952-12-29 Wheeler 621.1 D9111 01033 2020-07-20 Books
  Lost       IMU Kolkata IMU Kolkata 1952-12-29 Wheeler 621.1 D9111 01034 2020-07-20 Books
Designed and Maintained by IMU-KC Library, Kolkata Campus © Copyright All Rights Reserved

webs counters

Powered by Koha